Nezamestnanosť Rómov v okrese Michalovce diplomová práca

Saved in:
Bibliographic Details
Main Author: Čižmárová, Zuzana
Corporate Author: Podnikovohospodárska fakulta EU so sídlom v Košiciach. Katedra ekonómie
Other Authors: Ihnátová, Jana
Format: Book
Language:Slovak
Published: Košice 2010
Tags: Add Tag
No Tags, Be the first to tag this record!

MARC

LEADER 00000nam$a2200000$$$4500
001 0123468
005 20240827092706.5
041 0 |a slo 
044 |a SK 
245 1 0 |a Nezamestnanosť Rómov v okrese Michalovce  |b diplomová práca  |c Zuzana Čižmárová ; škol. Jana Ihnátová 
264 1 |a Košice  |c 2010 
300 |a 74 s. 
100 1 |a Čižmárová, Zuzana 
700 1 |a Ihnátová, Jana 
710 2 |a Podnikovohospodárska fakulta EU so sídlom v Košiciach. Katedra ekonómie